00197nam a22000977a 4500003000400000082001700004100001600021245002200037260003200059300000800091SGT a823.92bDES  aMOYES JOJO  aTHE ONE PLUS ONE  aLONDON bPENGUIN PUB c2014 a537